[Event "Belgrade Gligoric Trophy KO"]
[Site "Belgrade"]
[Date "2023.02.07"]
[Round "2.4"]
[White "Sanal, Vahap"]
[Black "Gagunashvili, Merab"]
[Result "1/2-1/2"]
[WhiteElo "2590"]
[BlackElo "2555"]
[PlyCount "104"]
[EventDate "2023.02.07"]
[EventType "k.o. (rapid)"]
[EventRounds "3"]
[EventCountry "SRB"]
[SourceTitle "CBM 212 Extra"]
[Source "ChessBase"]
[SourceDate "2023.03.31"]
[SourceVersion "1"]
[SourceVersionDate "2023.03.31"]
[SourceQuality "1"]

1. e4 d6 2. d4 Nf6 3. Bd3 g6 4. c3 Bg7 5. Nf3 0-0 6. 0-0 Nc6 7. Be3 e5 8. Nbd2 h6 9. h3 Nh5 10. Re1 Kh7 11. Bf1 Nf4 12. Bxf4 exf4 13. Qc2 Bd7 14. Bd3 Kh8 15. Nc4 b5 16. Ncd2 Rb8 17. a4 a6 18. axb5 axb5 19. b4 Ne7 20. e5 Nf5 21. Ne4 Re8 22. Qd2 dxe5 23. Nxe5 Bxe5 24. dxe5 Bc6 25. Nf6 Re6 26. Rad1 Nh4 27. Qxf4 g5 28. Qg4 Qe7 29. Bf1 Rxe5 30. Qd4 Ng6 31. Ng4 f6 32. Nxe5 Nxe5 33. f4 gxf4 34. Qxf4 Qg7 35. Kh2 Rg8 36. g4 Nf3+ 37. Kg3 Nxe1 38. Rxe1 Re8 39. Rxe8+ Bxe8 40. Bd3 Bc6 41. Be4 Bxe4 42. Qxe4 Qd7 43. h4 Kg7 44. h5 Qd6+ 45. Kh3 Kf8 46. Qe3 f5 47. gxf5 Qf6 48. Qc5+ Kg8 49. Qd5+ Kf8 50. Qc5+ Kg8 51. Qd5+ Kf8 52. Qc5+ Kg8 1/2-1/2

[Event "Belgrade Gligoric Trophy Gp-A"]
[Site "Belgrade"]
[Date "2023.02.06"]
[Round "5"]
[White "Damljanovic, Branko"]
[Black "Gagunashvili, Merab"]
[Result "0-1"]
[WhiteElo "2420"]
[BlackElo "2555"]
[PlyCount "141"]
[EventDate "2023.02.06"]
[EventType "tourn (rapid)"]
[EventRounds "6"]
[EventCountry "SRB"]
[EventCategory "10"]
[SourceTitle "CBM 212 Extra"]
[Source "ChessBase"]
[SourceDate "2023.03.31"]
[SourceVersion "1"]
[SourceVersionDate "2023.03.31"]
[SourceQuality "1"]

1. Nf3 d5 2. g3 g6 3. Bg2 Bg7 4. 0-0 e5 5. d3 Nc6 6. e4 Nge7 7. Nbd2 0-0 8. c3 a5 9. b3 h6 10. a3 Be6 11. Bb2 Qd7 12. Re1 Rad8 13. b4 axb4 14. axb4 dxe4 15. dxe4 Nc8 16. b5 Nb8 17. c4 f6 18. Qc2 Qd3 19. Qc1 h5 20. Bf1 Qd7 21. Nb3 b6 22. Qc2 Qf7 23. Rad1 Rfe8 24. Nfd2 Nd7 25. c5 Nxc5 26. Nxc5 bxc5 27. Qxc5 Bf8 28. Qc3 Nb6 29. Ba3 Bxa3 30. Qxa3 Rd6 31. Nf3 Rxd1 32. Rxd1 Qe7 33. Qxe7 Rxe7 34. Rc1 Kf7 35. Ne1 Ke8 36. Nd3 Bc4 37. Nb4 Bxf1 38. Kxf1 Rd7 39. Na6 Kd8 40. Rc6 Rf7 41. h4 Nc8 42. Nb4 Nb6 43. Ke2 Kc8 44. Na6 Kd8 45. Ke3 Nc8 46. Nb4 Nb6 47. f4 exf4+ 48. gxf4 Kd7 49. Kd4 Kd8 50. Nd5 Nxd5 51. exd5 Kd7 52. Ra6 Rf8 53. Kc5 g5 54. fxg5 fxg5 55. hxg5 Rg8 56. g6 h4 57. Rf6 Rg7 58. b6 cxb6+ 59. Rxb6 Rg8 60. g7 Kc7 61. Rc6+ Kb7 62. Rb6+ Kc7 63. d6+ Kc8 64. Kc6 Rxg7 65. Ra6 Kb8 66. d7 Rg6+ 67. Kd5 Rg8 68. Kd6 h3 69. Rb6+ Ka7 70. Kc7 h2 71. Rh6 0-1

[Event "Belgrade Gligoric Trophy Gp-A"]
[Site "Belgrade"]
[Date "2023.02.06"]
[Round "3"]
[White "Gagunashvili, Merab"]
[Black "Damljanovic, Branko"]
[Result "1-0"]
[WhiteElo "2555"]
[BlackElo "2420"]
[PlyCount "149"]
[EventDate "2023.02.06"]
[EventType "tourn (rapid)"]
[EventRounds "6"]
[EventCountry "SRB"]
[EventCategory "10"]
[SourceTitle "CBM 212 Extra"]
[Source "ChessBase"]
[SourceDate "2023.03.31"]
[SourceVersion "1"]
[SourceVersionDate "2023.03.31"]
[SourceQuality "1"]

1. d4 Nf6 2. c4 g6 3. Nf3 Bg7 4. g3 0-0 5. Bg2 d6 6. 0-0 c6 7. Nc3 Qb6 8. h3 Qa6 9. b3 b5 10. Nd2 bxc4 11. Nxc4 Be6 12. Ne3 Nbd7 13. Bb2 Rac8 14. Qd2 Nb6 15. Rfc1 Rfd8 16. Kh2 Qa5 17. Ne4 Qxd2 18. Nxd2 c5 19. dxc5 dxc5 20. Rc2 Nfd5 21. Nxd5 Bxd5 22. Bxg7 Kxg7 23. Rac1 Be6 24. Be4 h6 25. Bd3 Nd7 26. Ne4 Bf5 27. g4 Bxe4 28. Bxe4 Kf6 29. b4 Ke5 30. Bd3 e6 31. bxc5 Rc7 32. Kg3 g5 33. Bb5 Nf6 34. c6 Rd5 35. a4 Ne4+ 36. Kf3 Nd6 37. Rc5 f5 38. Rxd5+ exd5 39. gxf5 Nxf5 40. Kg4 Nd4 41. e3 Nb3 42. Rd1 Nc5 43. Rc1 Kd6 44. Kh5 a6 45. Be2 Rxc6 46. Kxh6 Rb6 47. Rc2 Ne4 48. Bf3 Ke5+ 49. Kh5 Rb4 50. Bxe4 Rxe4 51. Kxg5 Rxa4 52. Rc8 Ra1 53. Re8+ Kd6 54. h4 a5 55. h5 Rg1+ 56. Kf6 Rh1 57. Rh8 Rf1 58. f4 a4 59. Ra8 d4 60. Rd8+ Kc5 61. Rxd4 Kb5 62. h6 Rh1 63. Kg7 Rg1+ 64. Kf7 Rh1 65. Kg7 Rg1+ 66. Kh8 a3 67. Rd2 Kc4 68. f5 Kc3 69. Rf2 Rb1 70. f6 Rb2 71. Rf1 a2 72. Ra1 Rf2 73. Kg7 Rg2+ 74. Kf7 Rh2 75. Ke7 1-0

[Event "Belgrade Gligoric Trophy Gp-A"]
[Site "Belgrade"]
[Date "2023.02.06"]
[Round "1"]
[White "Ivic, Velimir"]
[Black "Gagunashvili, Merab"]
[Result "1/2-1/2"]
[WhiteElo "2589"]
[BlackElo "2555"]
[PlyCount "123"]
[EventDate "2023.02.06"]
[EventType "tourn (rapid)"]
[EventRounds "6"]
[EventCountry "SRB"]
[EventCategory "10"]
[SourceTitle "CBM 212 Extra"]
[Source "ChessBase"]
[SourceDate "2023.03.31"]
[SourceVersion "1"]
[SourceVersionDate "2023.03.31"]
[SourceQuality "1"]

1. e4 e5 2. Nf3 Nc6 3. Bb5 a6 4. Ba4 Nf6 5. 0-0 b5 6. Bb3 Bc5 7. c3 d6 8. d4 Bb6 9. Be3 0-0 10. Nbd2 h6 11. h3 Re8 12. Bc2 Bb7 13. d5 Nb8 14. Bxb6 cxb6 15. a4 bxa4 16. Bxa4 b5 17. Bc2 Nbd7 18. Qe2 Qc7 19. Rfc1 Nb6 20. Bd3 Nfd7 21. b4 Rec8 22. Nh2 Na4 23. Ra3 Nb2 24. Nhf1 f5 25. Ne3 f4 26. Nf5 Nf6 27. c4 bxc4 28. Bxc4 Kh7 29. Rac3 Qd7 30. Bb3 g6 31. Nh4 Rxc3 32. Rxc3 Rc8 33. Nb1 Na4 34. Rxc8 Bxc8 35. Qc2 Nb6 36. Nf3 Bb7 37. Nfd2 Qc8 38. Nc3 Qc7 39. Qd3 Kg7 40. Kf1 Nfd7 41. Ke1 Nf6 42. Nc4 Nxc4 43. Qxc4 Qb6 44. Na4 Qd8 45. Nc3 Nd7 46. Na4 Nb6 47. Qc3 Nxa4 48. Bxa4 Qb6 49. Bd1 Kf6 50. h4 Ke7 51. Bg4 Kd8 52. Ke2 Qb5+ 53. Ke1 Qb6 54. Be2 Qc7 55. Kd2 Qxc3+ 56. Kxc3 Bc8 57. g3 g5 58. hxg5 hxg5 59. Bf1 Kc7 60. Be2 Kd8 61. Bf1 Kc7 62. Be2 1/2-1/2

[Event "Belgrade Gligoric 100 Ann op"]
[Site "Belgrade"]
[Date "2023.02.05"]
[Round "6"]
[White "Gagunashvili, Merab"]
[Black "Perunovic, Miodrag"]
[Result "1-0"]
[WhiteElo "2555"]
[BlackElo "2405"]
[PlyCount "109"]
[EventDate "2023.02.05"]
[EventType "swiss (blitz)"]
[EventRounds "11"]
[EventCountry "SRB"]
[SourceTitle "EXT 2024"]
[Source "ChessBase"]
[SourceDate "2023.10.10"]
[SourceVersion "1"]
[SourceVersionDate "2023.10.10"]
[SourceQuality "1"]

1. d4 Nf6 2. c4 g6 3. g3 Bg7 4. Bg2 0-0 5. Nc3 d6 6. Nf3 Nbd7 7. 0-0 e5 8. e4 exd4 9. Nxd4 Re8 10. h3 Nc5 11. Re1 h6 12. Bf4 Ne6 13. Nxe6 Bxe6 14. Qd3 Nd7 15. b3 Ne5 16. Qc2 c6 17. Rad1 Qe7 18. Be3 h5 19. f4 Nd7 20. Qd2 h4 21. g4 Nf8 22. Bd4 Rad8 23. Bxg7 Kxg7 24. Qd4+ Qf6 25. Re2 a6 26. Red2 g5 27. fxg5 Qxd4+ 28. Rxd4 Ng6 29. Rxd6 Rxd6 30. Rxd6 Nf4 31. Kf2 Kg6 32. e5 Kxg5 33. Ne4+ Kg6 34. Nf6 Rc8 35. Be4+ Kg5 36. Nh7+ Kh6 37. g5+ Kg7 38. g6 Nxg6 39. Ng5 Nxe5 40. Nxe6+ fxe6 41. Rxe6 Nf7 42. Re7 b5 43. Bf5 Rf8 44. Be6 Kf6 45. Rxf7+ Rxf7 46. Bxf7 Kxf7 47. Kf3 bxc4 48. bxc4 Ke6 49. Kg4 Ke5 50. Kxh4 Kd4 51. Kg5 Kxc4 52. h4 Kd5 53. h5 c5 54. h6 c4 55. h7 1-0

[Event "Belgrade Gligoric 100 Ann op"]
[Site "Belgrade"]
[Date "2023.02.05"]
[Round "8"]
[White "Gagunashvili, Merab"]
[Black "Sanal, Vahap"]
[Result "1-0"]
[WhiteElo "2555"]
[BlackElo "2590"]
[PlyCount "103"]
[EventDate "2023.02.05"]
[EventType "swiss (blitz)"]
[EventRounds "11"]
[EventCountry "SRB"]
[SourceTitle "EXT 2024"]
[Source "ChessBase"]
[SourceDate "2023.10.10"]
[SourceVersion "1"]
[SourceVersionDate "2023.10.10"]
[SourceQuality "1"]

1. d4 d5 2. c4 e6 3. Nf3 Nf6 4. Nc3 c6 5. e3 Nbd7 6. Qc2 Bd6 7. Bd3 0-0 8. 0-0 dxc4 9. Bxc4 b5 10. Be2 Bb7 11. Rd1 Qb8 12. h3 a6 13. Ng5 c5 14. Nce4 Nxe4 15. Nxe4 c4 16. Nxd6 Qxd6 17. b3 Nb6 18. bxc4 Nxc4 19. a4 Rfc8 20. Qa2 Bd5 21. Qb1 Qc6 22. axb5 axb5 23. Rxa8 Rxa8 24. f3 f5 25. Rf1 h6 26. Bd3 Na3 27. Qb4 Nc4 28. Qb1 Qb6 29. Qb4 Kh7 30. Kh2 Qc7+ 31. Kh1 Qc6 32. Qb1 Rb8 33. e4 b4 34. exd5 Qxd5 35. Qb3 Rc8 36. Qxb4 Qxd4 37. Bxc4 Rxc4 38. Qb2 Qc5 39. Re1 Rc2 40. Qb1 Qf2 41. Rg1 e5 42. Ba3 e4 43. fxe4 fxe4 44. Qe1 Qd4 45. Bc1 Qd5 46. Be3 Qd3 47. Bf4 Re2 48. Qb1 Qd5 49. Re1 Qd3 50. Rxe2 Qxb1+ 51. Kh2 Qd3 52. Re1 1-0

[Event "Belgrade Gligoric 100 Ann op"]
[Site "Belgrade"]
[Date "2023.02.05"]
[Round "3"]
[White "Lajthajm, Borko"]
[Black "Gagunashvili, Merab"]
[Result "1/2-1/2"]
[WhiteElo "2336"]
[BlackElo "2555"]
[PlyCount "112"]
[EventDate "2023.02.05"]
[EventType "swiss (blitz)"]
[EventRounds "11"]
[EventCountry "SRB"]
[SourceTitle "EXT 2024"]
[Source "ChessBase"]
[SourceDate "2023.10.10"]
[SourceVersion "1"]
[SourceVersionDate "2023.10.10"]
[SourceQuality "1"]

1. e4 d6 2. d4 Nf6 3. Nc3 e5 4. Nf3 Nbd7 5. Bc4 Be7 6. h3 0-0 7. a4 c6 8. 0-0 Qc7 9. Re1 h6 10. a5 Re8 11. Be3 Nf8 12. d5 Ng6 13. Qe2 Nh5 14. Qf1 Nhf4 15. Bb3 c5 16. Ne2 Bg5 17. Nxf4 Bxf4 18. Nd2 Qe7 19. Nc4 Rf8 20. Ra3 Bxe3 21. Nxe3 f5 22. exf5 Bxf5 23. Bc4 Nf4 24. Nxf5 Rxf5 25. Rg3 Raf8 26. f3 Nh5 27. Rg4 Rf4 28. Bd3 Kh8 29. Qe2 Rxg4 30. hxg4 Nf4 31. Qe4 Nxd3 32. Qxd3 Rf4 33. Re4 Qf7 34. a6 bxa6 35. Qxa6 Qxd5 36. Rxf4 exf4 37. c4 Qd4+ 38. Kh2 Kh7 39. b3 d5 40. cxd5 Qxd5 41. Qxa7 Qe5 42. Qa4 Kg6 43. Qc4 Qd6 44. Qe4+ Kf6 45. Qf5+ Ke7 46. Kh3 g5 47. Kh2 Kd8 48. Qe4 Kc7 49. Qc4 Kb6 50. Kg1 Qd1+ 51. Kh2 Qd6 52. Kg1 Qf6 53. Kh2 Qe5 54. b4 cxb4 55. Qxb4+ Kc7 56. Qf8 Qe6 1/2-1/2

[Event "GEO-ch 82nd"]
[Site "Tbilisi"]
[Date "2023.01.12"]
[Round "8"]
[White "Gagunashvili, Merab"]
[Black "Quparadze, Giga"]
[Result "1/2-1/2"]
[WhiteElo "2560"]
[BlackElo "2461"]
[PlyCount "101"]
[EventDate "2023.01.04"]
[EventType "tourn"]
[EventRounds "9"]
[EventCountry "GEO"]
[EventCategory "10"]
[SourceTitle "CBM 212 Extra"]
[Source "ChessBase"]
[SourceDate "2023.03.31"]
[SourceVersion "1"]
[SourceVersionDate "2023.03.31"]
[SourceQuality "1"]

1. e4 c5 2. Nf3 e6 3. d4 cxd4 4. Nxd4 a6 5. Bd3 d5 6. exd5 Qxd5 7. 0-0 Nd7 8. Nb3 Qd6 9. Nc3 Ngf6 10. Qe2 Qc7 11. Bg5 Bd6 12. h3 h6 13. Bh4 0-0 14. Ne4 Be5 15. Nxf6+ Bxf6 16. Qe4 g6 17. Bg3 Qb6 18. c4 Bg7 19. Rac1 f5 20. Qe2 e5 21. c5 Qf6 22. Rfd1 Kh7 23. Bc4 Qe7 24. Qd2 f4 25. Bh2 Qg5 26. Be6 Nf6 27. Bxc8 Raxc8 28. f3 Rf7 29. Qe1 Re8 30. Nd2 Rd8 31. Kh1 Rfd7 32. Bg1 e4 33. fxe4 Qe5 34. Nc4 Qxe4 35. Rxd7 Rxd7 36. Qxe4 Nxe4 37. Re1 Ng3+ 38. Kh2 g5 39. Bf2 Nf5 40. Re6 h5 41. Nd6 Nxd6 42. cxd6 Kg8 43. Rg6 Kf7 44. Rxg5 Rxd6 45. Rxh5 Kg6 46. Rc5 Rd2 47. Bh4 f3 48. Rg5+ Kh7 49. Rh5+ Kg6 50. Rg5+ Kh7 51. Rh5+ 1/2-1/2

[Event "GEO-ch 82nd"]
[Site "Tbilisi"]
[Date "2023.01.10"]
[Round "6"]
[White "Gagunashvili, Merab"]
[Black "Magalashvili, Davit"]
[Result "1/2-1/2"]
[WhiteElo "2560"]
[BlackElo "2444"]
[PlyCount "97"]
[EventDate "2023.01.04"]
[EventType "tourn"]
[EventRounds "9"]
[EventCountry "GEO"]
[EventCategory "10"]
[SourceTitle "CBM 212 Extra"]
[Source "ChessBase"]
[SourceDate "2023.03.31"]
[SourceVersion "1"]
[SourceVersionDate "2023.03.31"]
[SourceQuality "1"]

1. e4 c5 2. Nf3 Nc6 3. d4 cxd4 4. Nxd4 Nf6 5. Nc3 e5 6. Ndb5 d6 7. Bg5 a6 8. Na3 b5 9. Bxf6 gxf6 10. Nd5 Bg7 11. Bd3 Ne7 12. Nxe7 Qxe7 13. c4 f5 14. 0-0 0-0 15. Qh5 Rb8 16. exf5 e4 17. Rae1 Bb7 18. f3 bxc4 19. Bxe4 Qf6 20. b3 Bxe4 21. fxe4 cxb3 22. axb3 Rxb3 23. e5 dxe5 24. Nc4 Qd8 25. Kh1 f6 26. Rd1 Rd3 27. Qe2 e4 28. Nb2 Rxd1 29. Rxd1 Qb8 30. Nc4 Rd8 31. Re1 Qb7 32. Nd2 Qb5 33. Qxe4 Qd5 34. Qe6+ Qxe6 35. fxe6 Bf8 36. e7 Bxe7 37. Rxe7 Rxd2 38. h3 a5 39. Ra7 Rd5 40. Kh2 Rg5 41. g4 Rb5 42. Kg3 h6 43. Kf4 h5 44. Kg3 Kf8 45. Kh4 hxg4 46. hxg4 Ke8 47. Kg3 Kd8 48. Kf4 Ke8 49. Kg3 1/2-1/2

[Event "GEO-ch 82nd"]
[Site "Tbilisi"]
[Date "2023.01.09"]
[Round "5"]
[White "Gagunashvili, Merab"]
[Black "Kacharava, Nikoloz"]
[Result "1/2-1/2"]
[WhiteElo "2560"]
[BlackElo "2538"]
[PlyCount "69"]
[EventDate "2023.01.04"]
[EventType "tourn"]
[EventRounds "9"]
[EventCountry "GEO"]
[EventCategory "10"]
[SourceTitle "CBM 212 Extra"]
[Source "ChessBase"]
[SourceDate "2023.03.31"]
[SourceVersion "1"]
[SourceVersionDate "2023.03.31"]
[SourceQuality "1"]

1. d4 d5 2. c4 e6 3. Nc3 c6 4. e3 Nf6 5. Nf3 Nbd7 6. Qc2 Bd6 7. Bd3 0-0 8. 0-0 dxc4 9. Bxc4 b5 10. Be2 Bb7 11. e4 e5 12. Bg5 h6 13. Bh4 exd4 14. Nxd4 Qb6 15. Nf5 Be5 16. Rad1 Rfe8 17. Nd6 Re6 18. Bg3 Bxg3 19. hxg3 Ne5 20. Rd2 Rb8 21. Rfd1 a6 22. a4 Ba8 23. b4 g6 24. Rd4 c5 25. bxc5 Qxc5 26. axb5 axb5 27. Ndxb5 Neg4 28. e5 Nxe5 29. Rd8+ Re8 30. Rxb8 Rxb8 31. Qd2 Qc6 32. f3 Kg7 33. Qd6 Qxd6 34. Rxd6 Rc8 35. Kf2 1/2-1/2

[Event "GEO-ch 82nd"]
[Site "Tbilisi"]
[Date "2023.01.04"]
[Round "1"]
[White "Gagunashvili, Merab"]
[Black "Petriashvili, Nikoloz"]
[Result "1-0"]
[WhiteElo "2560"]
[BlackElo "2441"]
[PlyCount "102"]
[EventDate "2023.01.04"]
[EventType "tourn"]
[EventRounds "9"]
[EventCountry "GEO"]
[EventCategory "10"]
[SourceTitle "CBM 212 Extra"]
[Source "ChessBase"]
[SourceDate "2023.03.31"]
[SourceVersion "1"]
[SourceVersionDate "2023.03.31"]
[SourceQuality "1"]

1. d4 Nf6 2. c4 g6 3. f3 c5 4. d5 Bg7 5. Nc3 0-0 6. e4 d6 7. Bg5 e6 8. Qd2 Re8 9. Nge2 exd5 10. Nxd5 Be6 11. Nec3 Nbd7 12. Be2 a6 13. 0-0 Bxd5 14. Nxd5 Qb8 15. Nc3 Re6 16. Rad1 Qe8 17. b3 Nb8 18. Nd5 Nxd5 19. cxd5 Bd4+ 20. Kh1 Re5 21. Bf4 Nd7 22. Bxe5 Qxe5 23. Bd3 Qh5 24. Be2 Nf6 25. g3 Re8 26. Kg2 g5 27. Bd3 g4 28. Rde1 Qh3+ 29. Kh1 gxf3 30. Rxf3 Ng4 31. Bf1 Qh5 32. Rf5 Qh6 33. Qxh6 Nxh6 34. Rf4 Be5 35. Rf3 Ng4 36. Bh3 Nf6 37. Bf5 Bd4 38. Ref1 b5 39. Kg2 h6 40. g4 Re7 41. h4 Nd7 42. g5 hxg5 43. hxg5 Ne5 44. Rh3 c4 45. Rh6 c3 46. Rxd6 Rc7 47. Rd8+ Kg7 48. d6 Rc6 49. Rh1 Ng6 50. Bxg6 Bb6 51. Rdh8 Kxg6 1-0

[Event "Belgrade Vucicevic Memorial"]
[Site "Belgrade"]
[Date "2022.11.11"]
[Round "10"]
[White "Radusinovic, Lazar"]
[Black "Gagunashvili, Merab"]
[Result "1/2-1/2"]
[WhiteElo "2344"]
[BlackElo "2560"]
[PlyCount "102"]
[EventDate "2022.11.11"]
[EventType "swiss (blitz)"]
[EventRounds "13"]
[EventCountry "SRB"]
[SourceTitle "EXT 2024"]
[Source "ChessBase"]
[SourceDate "2023.10.10"]
[SourceVersion "1"]
[SourceVersionDate "2023.10.10"]
[SourceQuality "1"]

1. d4 d5 2. Nf3 Nf6 3. g3 g6 4. Bg2 Bg7 5. 0-0 0-0 6. Be3 Ne4 7. Qc1 Nc6 8. Rd1 Nd6 9. Bh6 Bxh6 10. Qxh6 Nf5 11. Qf4 Qd6 12. c4 dxc4 13. Nc3 a6 14. d5 Qxf4 15. gxf4 Na5 16. Rac1 Bd7 17. e4 Nd6 18. Ne5 Rfd8 19. Nxd7 Rxd7 20. Na4 Rdd8 21. e5 Nf5 22. Nc5 Rab8 23. b4 cxb3 24. axb3 b6 25. Nxa6 Ra8 26. Nxc7 Nxb3 27. Nxa8 Nxc1 28. Rxc1 Rxa8 29. d6 Rd8 30. dxe7 Nxe7 31. Rc7 Rd1+ 32. Bf1 Nd5 33. Rd7 b5 34. f3 b4 35. Kf2 b3 36. Rb7 Rd2+ 37. Ke1 Rxh2 38. Rxb3 Nxf4 39. Rb7 Rc2 40. Rb4 Ne6 41. Bc4 h5 42. Bxe6 fxe6 43. Rb6 h4 44. Rxe6 Kf7 45. Rf6+ Kg7 46. Kf1 Rc5 47. Rf4 g5 48. Re4 Kf7 49. f4 gxf4 50. Rxf4+ Ke6 51. Rxh4 Kxe5 1/2-1/2

[Event "Santiago de Compostela Bicapawn GP Rap"]
[Site "Santiago de Compostela"]
[Date "2022.10.22"]
[Round "2"]
[White "Gagunashvili, Merab"]
[Black "Avila Fraire, Ameyalli"]
[Result "1-0"]
[WhiteElo "2556"]
[BlackElo "1919"]
[PlyCount "87"]
[EventDate "2022.10.22"]
[EventType "swiss (rapid)"]
[EventRounds "9"]
[EventCountry "ESP"]
[SourceTitle "CBM 210 Extra"]
[Source "ChessBase"]
[SourceDate "2022.11.30"]
[SourceVersion "1"]
[SourceVersionDate "2022.11.30"]
[SourceQuality "1"]

1. d4 d5 2. c4 e6 3. Nf3 Nf6 4. Nc3 Nbd7 5. Bg5 Be7 6. e3 c6 7. Bd3 0-0 8. 0-0 dxc4 9. Bxc4 b5 10. Bd3 a6 11. Bxf6 Nxf6 12. Ne4 Bb7 13. Rc1 Qd5 14. Qc2 h6 15. a3 Rac8 16. Nxf6+ Bxf6 17. Be4 Qd7 18. Rfd1 Rfd8 19. Ne1 Be7 20. Nd3 Bd6 21. g3 a5 22. Nc5 Bxc5 23. Qxc5 Qd6 24. Bf3 Rd7 25. Rc2 b4 26. Qxa5 bxa3 27. Qxa3 Qxa3 28. bxa3 Ra8 29. Rc3 Rd6 30. Rb1 Ra7 31. Rb6 Kf8 32. Rcb3 Ba6 33. Rxc6 Rxc6 34. Bxc6 Ke7 35. Kg2 Rc7 36. Bf3 Rc2 37. h4 Ra2 38. Rc3 Bb5 39. g4 Kd6 40. Kg3 Ba4 41. h5 Bb5 42. Be4 Kd7 43. Rb3 Ba4 44. Rb4 1-0

[Event "Santiago de Compostela Bicapawn GP Rap"]
[Site "Santiago de Compostela"]
[Date "2022.10.22"]
[Round "8"]
[White "Gagunashvili, Merab"]
[Black "Remolar Gallen, Jose"]
[Result "1/2-1/2"]
[WhiteElo "2556"]
[BlackElo "2305"]
[PlyCount "47"]
[EventDate "2022.10.22"]
[EventType "swiss (rapid)"]
[EventRounds "9"]
[EventCountry "ESP"]
[SourceTitle "CBM 210 Extra"]
[Source "ChessBase"]
[SourceDate "2022.11.30"]
[SourceVersion "1"]
[SourceVersionDate "2022.11.30"]
[SourceQuality "1"]

1. d4 Nf6 2. c4 g6 3. g3 Bg7 4. Bg2 0-0 5. Nc3 d6 6. Nf3 Nc6 7. 0-0 a6 8. Bf4 h6 9. h3 g5 10. Be3 Bf5 11. d5 Na5 12. Nd4 Bd7 13. b3 c5 14. dxc6 bxc6 15. Qc2 Qc8 16. Kh2 c5 17. Nf3 Nc6 18. Qd2 Bf5 19. Rad1 Ne4 20. Nxe4 Bxe4 21. h4 g4 22. Ne1 Bxg2 23. Nxg2 Kh7 24. Nf4 1/2-1/2

[Event "Santiago de Compostela Bicapawn GP Rap"]
[Site "Santiago de Compostela"]
[Date "2022.10.22"]
[Round "4"]
[White "Gagunashvili, Merab"]
[Black "Segura Santos, Luis"]
[Result "1-0"]
[WhiteElo "2556"]
[BlackElo "2122"]
[PlyCount "66"]
[EventDate "2022.10.22"]
[EventType "swiss (rapid)"]
[EventRounds "9"]
[EventCountry "ESP"]
[SourceTitle "CBM 210 Extra"]
[Source "ChessBase"]
[SourceDate "2022.11.30"]
[SourceVersion "1"]
[SourceVersionDate "2022.11.30"]
[SourceQuality "1"]

1. d4 Nf6 2. c4 e6 3. Nc3 d5 4. Nf3 c6 5. e3 Nbd7 6. Qc2 Bd6 7. Bd3 0-0 8. 0-0 dxc4 9. Bxc4 e5 10. Rd1 Qe7 11. e4 Re8 12. h3 exd4 13. Nxd4 Nc5 14. Nf5 Bxf5 15. exf5 Nfe4 16. Nxe4 Nxe4 17. Bd3 Rad8 18. Be3 Qh4 19. Bxe4 Rxe4 20. Bg5 Qxg5 21. Qxe4 Bc5 22. h4 Qf6 23. Rxd8+ Qxd8 24. Re1 h5 25. Qe8+ Qxe8 26. Rxe8+ Kh7 27. Rb8 b5 28. Rc8 Bd4 29. Rxc6 Bxb2 30. Rc7 a5 31. Rxf7 Bd4 32. Rb7 b4 33. Rb5 Bf6 1-0

[Event "Santiago de Compostela Bicapawn GP Rap"]
[Site "Santiago de Compostela"]
[Date "2022.10.22"]
[Round "1"]
[White "Gestido Martinez, Jose Carlos"]
[Black "Gagunashvili, Merab"]
[Result "0-1"]
[WhiteElo "1581"]
[BlackElo "2556"]
[PlyCount "80"]
[EventDate "2022.10.22"]
[EventType "swiss (rapid)"]
[EventRounds "9"]
[EventCountry "ESP"]
[SourceTitle "CBM 210 Extra"]
[Source "ChessBase"]
[SourceDate "2022.11.30"]
[SourceVersion "1"]
[SourceVersionDate "2022.11.30"]
[SourceQuality "1"]

1. b3 e5 2. Bb2 Nc6 3. e3 a6 4. c4 Nf6 5. Nc3 g6 6. d3 Bg7 7. Be2 d5 8. cxd5 Nxd5 9. Nxd5 Qxd5 10. Nf3 0-0 11. 0-0 h6 12. Qc2 Re8 13. Rfd1 Be6 14. Rac1 Rac8 15. Qb1 Qd7 16. Qa1 Bf5 17. Bf1 Qe7 18. d4 exd4 19. Nxd4 Nxd4 20. Bxd4 Bxd4 21. Qxd4 c5 22. Qf4 Kh7 23. Rd6 Red8 24. Rcd1 Be6 25. h3 Rxd6 26. Rxd6 Rd8 27. Rxd8 Qxd8 28. Qe5 Qa5 29. Qb2 b5 30. g4 Qe1 31. Kg2 Bd5+ 32. Kg1 c4 33. bxc4 Bxc4 34. Qf6 Qxf1+ 35. Kh2 Bxa2 36. h4 Be6 37. h5 gxh5 38. f3 Qf2+ 39. Kh1 hxg4 40. Qf4 Qxf3+ 0-1

[Event "Santiago de Compostela Bicapawn GP Rap"]
[Site "Santiago de Compostela"]
[Date "2022.10.22"]
[Round "7"]
[White "Iturrizaga Bonelli, Eduardo"]
[Black "Gagunashvili, Merab"]
[Result "1-0"]
[WhiteElo "2629"]
[BlackElo "2556"]
[PlyCount "67"]
[EventDate "2022.10.22"]
[EventType "swiss (rapid)"]
[EventRounds "9"]
[EventCountry "ESP"]
[SourceTitle "CBM 210 Extra"]
[Source "ChessBase"]
[SourceDate "2022.11.30"]
[SourceVersion "1"]
[SourceVersionDate "2022.11.30"]
[SourceQuality "1"]

1. c4 c6 2. Nf3 d5 3. e3 Nf6 4. Nc3 e6 5. b3 Nbd7 6. Bb2 Bd6 7. Be2 Qe7 8. 0-0 0-0 9. Qc2 Ba3 10. Bxa3 Qxa3 11. d4 Qe7 12. e4 Nxe4 13. Nxe4 dxe4 14. Qxe4 c5 15. Bd3 Nf6 16. Qh4 h6 17. Rae1 cxd4 18. Ne5 Re8 19. f4 Nd7 20. Qg3 Nc5 21. Bb1 b6 22. Ng4 Kh8 23. f5 f6 24. fxe6 Bxe6 25. Bg6 Qd7 26. Bxe8 Rxe8 27. b4 Bxg4 28. Rxe8+ Qxe8 29. bxc5 Be6 30. Re1 Qc8 31. Qd6 Bxc4 32. c6 d3 33. Qd7 Qg8 34. Re8 1-0